000 00621nam a2200181Ia 4500
008 100921s9999 xx 000 0 und d
082 _b21690
_a891.463 थ 89
100 _aरानडे जयंत.
245 _aगँग.
260 _bरावजी प्रकाशन,डोंबिवली.
_c1989
300 _a113
_bशिल्पा बुक सर्व्हिस,तळेगांव दाभाडे
365 _b40
520 _aललित-कादंबरी.
630 _aगँग.
650 _aललित-कादंबरी.
730 _aगँग.
942 _cBOOK
999 _c770803
_d770800